[Event "Straume Bronstein Cup"]
[Site "Straume"]
[Date "2020.10.25"]
[Round "3"]
[White "Tronnes, August"]
[Black "Engelsen, Teodor Tenfjord"]
[Result "1-0"]
[WhiteElo "1199"]
[BlackElo "1424"]
[PlyCount "84"]
[EventDate "2020.10.25"]
[EventType "swiss (rapid)"]
[EventRounds "6"]
[EventCountry "NOR"]
[SourceTitle "EXT 2024"]
[Source "ChessBase"]
[SourceDate "2023.10.10"]
[SourceVersion "1"]
[SourceVersionDate "2023.10.10"]
[SourceQuality "1"]

1. e4 c5 2. Nf3 Nc6 3. d4 cxd4 4. Nxd4 g6 5. Be3 Bg7 6. Nc3 Nf6 7. Bc4 0-0 8. 0-0 a6 9. a3 b5 10. Ba2 Bb7 11. Re1 Qc7 12. h3 e6 13. Qf3 Ne5 14. Qe2 Nc6 15. Nf3 Rfd8 16. Rad1 Ne7 17. Bg5 Re8 18. e5 Nfd5 19. Nxd5 Nxd5 20. Bxd5 Bxd5 21. Bf6 Rec8 22. Rd2 Bh6 23. Ng5 Qc4 24. Qxc4 Rxc4 25. b3 Rc3 26. Red1 Rac8 27. a4 bxa4 28. bxa4 Bc6 29. Ra1 a5 30. Re2 Bxg5 31. Bxg5 Rc4 32. Bf6 Rb8 33. Ra3 Rxa4 34. Rc3 Rab4 35. Rd2 h5 36. Kh2 a4 37. Be7 R4b7 38. Bd6 Ra8 39. Ra3 Rb5 40. g4 hxg4 41. hxg4 Rd5 42. Rad3 Rb5 1-0